Hồi ký Hillary Clinton và chính trường nước Mỹ = Living history /
Uloženo v:
| Hlavní autor: | |
|---|---|
| Další autoři: | , , |
| Médium: | Sách giấy |
| Jazyk: | Vietnamese English |
| Vydáno: |
Tp. Hồ Chí Minh :
Văn hoá sài Gòn,
2006.
|
| Témata: | |
| Tagy: |
Přidat tag
Žádné tagy, Buďte první, kdo otaguje tento záznam!
|
| Thư viện lưu trữ: | Thư viện Trường Đại học Đà Lạt |
|---|
| LEADER | 01083nam a2200361 4500 | ||
|---|---|---|---|
| 001 | DLU080061823 | ||
| 005 | ##20080109 | ||
| 040 | # | # | |a DLU |b vie |
| 041 | # | # | |a vie |h eng |
| 044 | # | # | |a vn |
| 082 | # | # | |a 973.929 092 |b CL-H |
| 100 | # | # | |a Clinton, Hillary Rodham. |
| 245 | # | # | |a Hồi ký Hillary Clinton và chính trường nước Mỹ = |b Living history / |c Hillary Rodham Clinton; Xuân Quang dịch; Lê Đình Bì, Nguyễn Văn Phước hiệu đính. |
| 246 | # | # | |a Living history. |
| 260 | # | # | |a Tp. Hồ Chí Minh : |b Văn hoá sài Gòn, |c 2006. |
| 300 | # | # | |a 820 tr. ; |c 24 cm. |
| 653 | # | # | |a Chính trị gia |
| 653 | # | # | |a Clinton, H. R., 1947- |
| 653 | # | # | |a Hồi ký |
| 653 | # | # | |a Nhân vật lịch sử |
| 700 | # | # | |a Xuân Quang, |e dịch. |
| 700 | # | # | |a Lê Đình Bì, |e hiệu đính. |
| 700 | # | # | |a Nguyễn Văn Phước, |e hiệu đính. |
| 923 | # | # | |a 24/2007 |
| 992 | # | # | |a 129000 |
| 994 | # | # | |a DLU |
| 900 | # | # | |a True |
| 911 | # | # | |a Nguyễn Thanh Hương |
| 925 | # | # | |a G |
| 926 | # | # | |a A |
| 927 | # | # | |a SH |
| 980 | # | # | |a Thư viện Trường Đại học Đà Lạt |